| 000 | 00601nam a2200193Ia 4500 | ||
|---|---|---|---|
| 005 | 20250507130230.0 | ||
| 008 | 008 250505s9999 xx 000 0 eng d | ||
| 037 | _aSeries Article | ||
| 040 |
_aEASL _beng _cEASL |
||
| 041 |
_aeng _2eng |
||
| 084 | _qEASL | ||
| 100 | _aChaudhuri Rosinka | ||
| 245 | 0 | _aPolitics of litnaming:Derozio in two formative momens of literacy and political discourse,Calcutta,1825-31 | |
| 260 |
_aUK _bCambridge Cambridge University Press UK _c2010 |
||
| 300 | _a857-886 | ||
| 650 | _aModern Asian Studies | ||
| 942 | _cSRA | ||
| 999 |
_c1318459 _d1318459 |
||